000 00614nam a22001577a 4500
003 OSt
005 20160616075710.0
008 151002b xxu||||| |||| 00| 0 eng d
040 _cRUA
082 _aAVM នូ 1989 B065 Or.1
100 _91727
_aនូ សំណាង
245 _aបុព្វហេតុនៃការកើតជំងឺអុតក្តាមនៅមជ្ឈមណ្គលចិញ្ចឹមជ្រូកស្ទឹងមានជ័យ និង វិធានការការពារ
260 _aPhnom Penh
_bRUA
_c1989
300 _a68p.
_bill.
_c29cm.
942 _2ddc
_cAVM
999 _c1629
_d1629